APPLIED DEVELOPMENT COMMUNICATION (Record no. 13201)

MARC details
000 -LEADER
fixed length control field 00351nam a22001457a 4500
003 - CONTROL NUMBER IDENTIFIER
control field SGT
020 ## - INTERNATIONAL STANDARD BOOK NUMBER
International Standard Book Number 9789382007869
082 ## - DEWEY DECIMAL CLASSIFICATION NUMBER
Classification number 384.3
Item number A16G
100 ## - MAIN ENTRY--PERSONAL NAME
Personal name GURU, MAHESH CHANDRA
245 ## - TITLE STATEMENT
Title APPLIED DEVELOPMENT COMMUNICATION
260 ## - PUBLICATION, DISTRIBUTION, ETC. (IMPRINT)
Place of publication, distribution, etc NEW DELHI
Name of publisher, distributor, etc DOMINANT PUBLISHING
Year of Publication 2016
300 ## - PAGE DESCRIPTION
No. of Pages 354
650 ## - SUBJECT ADDED ENTRY--TOPICAL TERM
Topical term or geographic name as entry element MASS COMMUNICATION
942 ## - ADDED ENTRY ELEMENTS (KOHA)
Source of classification or shelving scheme Dewey Decimal Classification
Koha item type Books
Holdings
Withdrawn status Lost status Source of classification or shelving scheme Damaged status Not for loan Collection code Home library Current library Shelving location Date acquired Vendor Name Cost, normal purchase price SGTU Bill Number Total Checkouts Full call number Accession No. (Barcode) Date last seen Bill Date Koha item type
    Dewey Decimal Classification     MASS COMMUNICATION SGT Science & Social Sciences Library SGT Science & Social Sciences Library Reference Book 08/09/2017 INDIAN PUBLISHER NEW DELHI 1195.00 SGTU 10   384.3 A16G MC545 08/09/2017 29/04/2017 Books